000 01134nam a22003737a 4500
003 CHAP
005 20220817044117.0
008 060620d2004 it rn 00110 eng d
010 _a92421
011 _a93393
020 _a9251052115
035 _a103965
040 _cCHAP
082 0 4 _a628.1
_bF34 v.28
110 2 _aFAO
245 1 0 _aWater charging in irrigated agriculture :
_ban analysis of international experience
_c/by G. Cornish [and others]
260 _aRome :
_bFAO,
_c2004.
300 _a82 p.
410 2 0 _aFAO
490 0 _aInformes sobre temas hídricos
_v; 28
590 _aBATCH-UPD
_b10
_c20130110
_lUCH01
_h0458
590 _aBATCH-UPD
_b10
_c20130410
_lUCH01
_h0136
590 _aBATCH-UPD
_b10
_c20130914
_lUCH01
_h1049
590 _aCONVERSION
_b10
_c20130109
_lUCH01
_h1351
650 1 4 _aAgua para irrigacion.
_92430
650 1 4 _aRecursos hidraulicos.
700 1 _aCornish, G.
_928086
810 0 _aFAO
830 0 0 _aInformes sobre temas hídricos
_v; 28
_958154
901 _aBK
905 _aLilia
942 _cLIBRO
949 _a628.1 F34 v.28
_bBC
_cFAO
_d33724000990297
_eFAO1
_h108021
_i103965
_sb
999 _c92421
_d92421